000 00851cab a2200265 4500
001 ABS53632
008 090401t1995 xxu||||| |||| 00| 0 eng d
035 _a(Sirsi) u5475
041 _aeng
100 _aNicholson, D.
245 _aWarsaw: entitled to be frustrated
260 _c1995
350 _a0
490 _aEuroProperty
_v8 September 1995, 22-26(5)
520 _aDiscusses the problems facing commercial property developers in Warsaw. Looks at planning legislation and land ownership issues.
650 _aLAND OWNERSHIP
650 _aPROPERTY-COMMERCIAL PROPERTY-OFFICE PROPERTY-OFFICE PROPERTY MARKET
650 _aPOLAND
650 _aPROPERTY DEVELOPMENT
650 _aPROPERTY LAW
690 _aPROPERTY-COMMERCIAL PROPERTY-COMMERCIAL PROPERTY MARKET
690 _aOVERSEAS-EUROPE
942 _n0
948 _c04/03/1997
999 _c3259
_d3259